000 00397pam a2200157a 44500
008 230515b2008 xxu||||| |||| 00| 0 eng d
020 _aNULL
041 _aENGLISH
082 _a610.73
100 _aD K SHRIVASTAVA
245 _aAN INFORMATIVE HANDBOOK OF RITH FIVE YEAR PLAN UGC
250 _a0
260 _a
_b"INTELLECTUAL BOOK BUREAU , BHAPAL,"
_c2008
300 _a522
650 _aNULL
999 _c526091
_d526091